000 00735nam a2200241Ia 4500
003 OSt
005 20221002055530.0
006 a|||||r|||| 00| 0
007 ta
008 220930b |||||||| |||| 00| 0 pan d
020 _c114
024 _a116183
037 _b606, 17/02/2012, H.K. Prakashan
_cReference Collections
040 _aCRL
_cCRL
_bpun
041 _2pun
_apun
082 _aP153:4k, P1(RR)
245 0 _aਪ੍ਰਮਾਨਿਕ ਪੰਜਾਬੀ ਕੋF
260 _aਪੰਜਾਬ
_b ਭਾFਾ ਵਿਭਾਗ
_c2001
300 _a423ਪੰ
_ccm.
650 _agzikph GkFk
942 _hP153:4k, P1(RR)
_cref
_2CC
999 _c927924
_d927924